000 01226 a2200241 4500
005 20080912122731.0
008 080912t xxu||||| |||| 00| 0 hin d
010 _aHIN-80744
020 _a8189327429
_c150.00
035 _aHN-53090
037 _bD.B.Act / pub
082 _a
245 _aप्रेमचन्द की हास्य कहानियाँ
_cसंपादक बालेन्दु शेखर तिवारी
246 _aPramchand ki Hasya Kahaniya
_bEd by Balendu Shekhar Tiwari
260 _aपटना
_bविशाल पब्लिकेशंन
_c2007
270 _aकैलाश मार्केट, दरियापुर,पटना
_bपटना
_e800004
300 _aviii,112पृ
_c22 सेमी (सजिल्द)
650 _aहिन्दी कहानियाँ
650 _aHindi Stories
700 _aतिवारी, बालेन्दु शेखर
942 _adpl
_cHN
_kक / गुप्ताइं
_2ddc
_h
_mगुप्ताइं
999 _c6989
_d6989